مادرملّت محترمہ فاطمہ جناح: (Record no. 608279)
[ view plain ]
| 000 -LEADER | |
|---|---|
| fixed length control field | 00675nam a2200181 a 4500 |
| 003 - CONTROL NUMBER IDENTIFIER | |
| control field | OSt |
| 005 - DATE AND TIME OF LATEST TRANSACTION | |
| control field | 20240227093629.0 |
| 008 - FIXED-LENGTH DATA ELEMENTS--GENERAL INFORMATION | |
| fixed length control field | 180226t2003 pk | |||| 000 0 urd d |
| 040 ## - CATALOGING SOURCE | |
| Transcribing agency | 0 |
| 082 ## - DEWEY DECIMAL CLASSIFICATION NUMBER | |
| Classification number | 891.4339 |
| Author Mark | JAM 2003 |
| 100 1# - MAIN ENTRY--PERSONAL NAME | |
| Personal name | جميل احمد |
| 9 (RLIN) | 46965 |
| 245 10 - TITLE STATEMENT | |
| Title | مادرملّت محترمہ فاطمہ جناح: |
| Remainder of title | تقارير،پيغات اوربيانات |
| Statement of responsibility, etc. | Jameel Ahmad |
| 246 ## - VARYING FORM OF TITLE | |
| Title proper/short title | Madar E Millat Muhtarma Fatima Jinnah: |
| Remainder of title | Taqareer,Feghamat Aur bayanat |
| 260 ## - PUBLICATION, DISTRIBUTION, ETC. | |
| Place of publication, distribution, etc. | Lahore: |
| Name of publisher, distributor, etc. | Sang e Meel Pub; |
| Date of publication, distribution, etc. | 2003. |
| 300 ## - PHYSICAL DESCRIPTION | |
| Extent | 527 p. |
| 942 ## - ADDED ENTRY ELEMENTS (KOHA) | |
| Source of classification or shelving scheme | |
| Koha item type | Book |
| Institution code [OBSOLETE] | SADA |
| Call number prefix | 891.4339 JAM 2003 |
| Withdrawn status | Lost status | Source of classification or shelving scheme | Damaged status | Not for loan | Permanent Location | Current Location | Date acquired | Source of acquisition | Total Checkouts | Full call number | Barcode | Date last seen | Cost, replacement price | Price effective from | Koha item type |
|---|---|---|---|---|---|---|---|---|---|---|---|---|---|---|---|
| School of Art Design and Architecture (SADA) | School of Art Design and Architecture (SADA) | 02/13/2018 | Donation | 891.4339 JAM 2003 | SADAD0000352 | 02/27/2024 | 490.00 | 02/27/2024 | Book |
